Euroopan maiden suurimmat kunnat - Statistics

Yleistilastot
  • Tätä visaa on pelattu 202 kertaa
  • Keskiarvotulos 47 / 129
Vastaustilastot
% Oikein
Alankomaat Amsterdam 851 573
92%
Suomi Helsinki 642 045
90%
Norja Oslo 669 060
89%
Espanja Madrid 3 141 991
88%
Suomi Espoo 277 375
87%
Ruotsi Tukholma 942 370
87%
Suomi Tampere 230 537
86%
Ranska Pariisi 2 229 621
85%
Italia Rooma 2 876 076
84%
Liettua Vilna 542 664
84%
Itävalta Wien 1 867 960
84%
Kreikka Ateena 664 046
82%
Latvia Riika 641 423
82%
Puola Varsova 1 758 143
82%
Saksa Berliini 3 670 622
80%
Tanska Kööpenhamina 606 057
80%
Islanti Reykjavik 123 246
80%
Espanja Barcelona 1 604 555
79%
Irlanti Dublin 553 165
79%
Viro Tallinna 447 414
78%
Venäjä Moskova 12 228 685
76%
Venäjä Pietari 5 323 300
75%
Ruotsi Göteborg 572 779
74%
Bulgaria Sofia 1 260 120
74%
Portugali Lissabon 545 245
72%
Luxemburg Luxemburg 107 247
72%
Ruotsi Malmö 342 457
72%
Tshekki Praha 1 386 602
72%
San Marino San Marino 4 128
71%
Romania Bukarest 1 883 425
69%
Alankomaat Rotterdam 635 389
69%
Ukraina Kiova 2 900 920
68%
Valko-Venäjä Minsk 1 921 807
68%
Unkari Budapest 1 759 407
66%
Italia Milano 1 357 599
66%
Saksa München 1 450 381
66%
Slovakia Bratislava 421 801
64%
Albania Tirana 862 361
61%
Kroatia Zagreb 792 875
59%
Italia Napoli 975 260
58%
Serbia Belgrad 1 166 763
57%
Alankomaat Haag 527 748
57%
Kosovo Pristina 198 987
56%
Bosnia ja Hertsegovina Sarajevo 275 524
56%
Puola Krakova 762 448
55%
Slovenia Ljubljana 279 756
54%
Saksa Hampuri 1 787 408
53%
Makedonia Skopje 506 926
53%
Andorra Andorra la Vella 22 256
52%
Liechtenstein Vaduz 5 537
52%
Norja Bergen 278 121
51%
Ranska Lyon 506 615
50%
Ranska Marseille 855 393
48%
Sveitsi Zürich 402 762
48%
Moldova Chișinău 685 900
47%
Liettua Kaunas 290 068
45%
Montenegro Podgorica 187 085
39%
Espanja Valencia 809 267
38%
Norja Trondheim 190 464
36%
Viro Tartto 96 904
34%
Ukraina Odessa 1 016 515
31%
Sveitsi Geneve 198 979
28%
Viro Narva 59 463
28%
Kroatia Split 178 102
28%
Kreikka Thessaloniki 325 182
27%
Bulgaria Varna 335 177
26%
Liettua Klaipėda 154 275
25%
Tanska Aarhus 336 684
24%
Belgia Antwerpen 517 042
22%
Yhdistynyt kuningaskunta Birmingham 1 124 600
22%
Ukraina Harkova 1 439 036
22%
Tshekki Brno 377 028
21%
Itävalta Graz 280 200
19%
Slovakia Košice 240 688
19%
Tanska Odense 176 683
19%
Tshekki Ostrava 294 200
19%
Itävalta Linz 200 839
18%
Irlanti Cork 125 622
17%
Sveitsi Basel 175 940
16%
Yhdistynyt kuningaskunta Leeds 781 700
16%
Venäjä Novosibirsk 1 473 754
16%
Belgia Gent 257 029
14%
Puola Łódź 693 797
13%
Latvia Daugavpils 94 196
12%
Serbia Novi Sad 250 439
10%
Latvia Liepāja 69 443
9%
Irlanti Limerick 94 192
9%
Slovenia Máribor 95 589
9%
Moldova Tiraspol 129 000
9%
Bosnia ja Hertsegovina Banja Luka 199 191
8%
Romania Cluj-Napoca 324 576
8%
Bulgaria Plovdiv 341 567
8%
Romania Timișoara 319 279
8%
Albania Durrës 201 110
7%
Serbia Niš 187 544
5%
Yhdistynyt kuningaskunta Sheffield 575 400
5%
Kroatia Rijeka 128 624
4%
Liechtenstein Schaan 5 963
4%
Belgia Charleroi 202 182
3%
Unkari Debrecen 207 731
3%
Islanti Kópavogur 33 205
3%
Kreikka Patras 213 984
3%
Makedonia Bitola 74 550
2%
Luxemburg Dudelange 19 421
2%
Andorra Encamp 13 521
2%
Luxemburg Esch-sur-Alzette 32 600
2%
Kosovo Prizren 85 119
2%
Portugali Vila Nova de Gaia 302 295
2%
Albania Vlorë 130 827
2%
Moldova Bălți 102 457
1%
San Marino Borgo Maggiore 6 631
1%
Slovenia Celje 38 079
1%
Islanti Hafnarfjörður 28 200
1%
Montenegro Pljevlja 19 489
1%
San Marino Serravalle 10 591
1%
Portugali Sintra 377 835
1%
Unkari Szeged 162 621
1%
Bosnia ja Hertsegovina Tuzla 80 570
1%
Valko-Venäjä Barysau 180 100
0%
Andorra Escaldes-Endorgany 14 395
0%
Kosovo Gjilan 90 178
0%
Makedonia Kumanovo 70 842
0%
Montenegro Nikšić 56 970
0%
Slovakia Prešov 91 352
0%
Malta Qormi 16 779
0%
Valko-Venäjä Salihorsk 108 792
0%
Liechtenstein Triesen 5 050
0%
Malta Zábbar 15 404
0%
Malta Żebbuġ 11 903
0%
Ehtoja vastaavia visoja ei löytynyt
Tulosjakauma
Jokaisen tuloksen saaneiden osuus
Persentiili vastausten määrän mukaan
Tuloshistoriasi
Et ole pelannut tätä visaa